000 00548nam a22001937a 4500
003 GBCCL
005 20251021132154.0
008 251021b |||||||| |||| 00| 0 eng d
020 _a9780310515029
040 _cGBC
082 _a248.246092
_bQUR 1
100 _aQureshi, Nabeel
245 _aSeeking Allah, finding Jesus :
_ba devout Muslim encounters Christianity
260 _aGrabd Rapids :
_bZondervan,
_c2014
300 _a296p. ;
600 _aQureshi, Nabeel
650 _aChristian onverts from Islam
_vBiography
942 _2ddc
_cBK
_n0
999 _c10946
_d10946